PLA v obalovém průmyslu

Saved in:
Bibliographic Details
Main Author Stejskalová, Zuzana (Dissertant)
Other Authors Kubišová, Hana (Thesis advisor)
Format Manuscript Book
LanguageCzech
Published 2009
Subjects
Online AccessPlný text v Digitální knihovně UTB
Physical Description58 s.

Cover

LEADER 00000ntm a22000007u 4500
001 zp11665
041 |a cze 
100 1 |a Stejskalová, Zuzana  |4 dis 
245 1 0 |a PLA v obalovém průmyslu 
246 |a PLA in packaging industry 
260 |c 2009 
300 |a 58 s. 
500 |a Studijní obor: Chemie a technologie materiálů 
500 |a Studijní obor: Chemistry and materials technology 
500 |a Ústav: Ústav inženýrství polymerů 
500 |a Univerzita Tomáše Bati ve Zlíně. Fakulta technologická 
500 |a Tomas Bata University in Zlín. Faculty of Technology 
506 |a Pouze v rámci univerzity 
653 |a PLA 
653 |a vlastnosti 
653 |a obalová technologie 
653 |a PLA 
653 |a properties 
653 |a packaging 
655 4 |a bakalářská práce 
700 1 |a Kubišová, Hana  |4 ths 
710 2 |a Univerzita Tomáše Bati ve Zlíně. Fakulta technologická  |4 dgg 
710 2 |a Tomas Bata University in Zlín. Faculty of Technology  |4 dgg 
856 4 0 |u http://hdl.handle.net/10563/8440  |y Plný text v Digitální knihovně UTB